000 00605nam a2200205 i 4500
001 47580
003 ES-MaACL
005 20230906161607.0
007 t|
008 030506s1916 sp ||||1| spa d
080 _a821.134.2-32"19"
100 1 _aCarrere, Emilio.
_935691
245 1 3 _aLa leyenda de San Plácido
_b: tradición madrileña (inédita) /
_cpor Emilio Carrère.
260 _aMadrid :
_b[s.n.],
_c1916.
300 _a34 p. ;
_c19 cm.
490 1 _aLa novela corta ;
_v34
830 0 _aLa novela corta ;
_v34
_9182142
852 _aES-MaACL
_jG-4948(34)
_bR.132489
999 _c47580
_d47580